Meals For Hobbits Quiz Stats

 Plays Quiz Updated Mar 13, 2017

Support Sporcle.
Go Orange.
Score 0/7 Timer 01:30
10 Plays Today
Order Meal % Correct
1.Breakfast
99.2%
4.Luncheon
97.3%
6.Dinner
96%
2.Second Breakfast
87%
7.Supper
85.9%
5.Afternoon Tea
79.2%
3.Elevenses
64.4%

From the Vault

22 Ways Not to Stub Your 'Toe'

by bowsntoys

Language 90s
This quiz is not as painful as it sounds.
Remove Ads.
Support Sporcle.
Get the best of Sporcle when you Go Orange. This ad-free experience offers more features, more stats, and more fun while also helping to support Sporcle. Thank you for becoming a member.

Show Comments

Extras

Top Quizzes Today


Score Distribution

Your Account Isn't Verified!

In order to create a playlist on Sporcle, you need to verify the email address you used during registration. Go to your Sporcle Settings to finish the process.

Report this User

Report this user for behavior that violates our Community Guidelines.

Details: